Library Banner

Fikr-e-Islami (Urdu) (Record no. 38435)

MARC details
000 -LEADER
fixed length control field 00440nam a2200169Ia 4500
001 - CONTROL NUMBER
control field 39120
008 - FIXED-LENGTH DATA ELEMENTS--GENERAL INFORMATION
fixed length control field 140423s9999 xx 000 0 und d
020 ## - INTERNATIONAL STANDARD BOOK NUMBER
International Standard Book Number NA
040 ## - CATALOGING SOURCE
Transcribing agency PK-LaUMT
082 ## - DEWEY DECIMAL CLASSIFICATION NUMBER
Classification number 297
Item number WAH-F
100 ## - MAIN ENTRY--PERSONAL NAME
Personal name Waheed ud Din Khan
245 ## - TITLE STATEMENT
Title Fikr-e-Islami (Urdu)
Remainder of title afkar-e-Islami ki tashreh-o-tozeh
Statement of responsibility, etc Waheed ud Din Khan
260 ## - PUBLICATION, DISTRIBUTION, ETC. (IMPRINT)
Place of publication, distribution, etc Lahore,Pakistan:
Name of publisher, distributor, etc Daruttazkeer,
Date of publication, distribution, etc 2006
300 ## - PHYSICAL DESCRIPTION
Extent 239 p.
546 ## - LANGUAGE NOTE
Language note EN
942 ## - ADDED ENTRY ELEMENTS (KOHA)
Koha item type Books
Holdings
Withdrawn status Lost status Damaged status Not for loan Home library Current library Date acquired Total Checkouts Full call number Barcode Date last seen Date checked out Price effective from Koha item type Source of classification or shelving scheme Copy number
        UMT Main Campus UMT Main Campus 2014-04-23 5 297 WAH-F 41912 2017-01-12 2016-12-30 2014-05-05 Books    
        UMT Main Campus UMT Main Campus 2017-03-20   ZIAC 297 WAH-F 106486 2017-03-20   2017-03-20 Books Dewey Decimal Classification C-2